Polar bear vs. grizzly bear / (Record no. 5582)

MARC details
000 -LEADER
fixed length control field 01280cam a2200361 a 4500
001 - CONTROL NUMBER
control field 5582
003 - CONTROL NUMBER IDENTIFIER
control field FISKH
005 - DATE AND TIME OF LATEST TRANSACTION
control field 20241219091139.0
008 - FIXED-LENGTH DATA ELEMENTS--GENERAL INFORMATION
fixed length control field 100715s2010 nyua c 000 0 eng
010 ## - LIBRARY OF CONGRESS CONTROL NUMBER
LC control number 2010280977
020 ## - INTERNATIONAL STANDARD BOOK NUMBER
International Standard Book Number 9780545175722 (pbk.)
040 ## - CATALOGING SOURCE
Original cataloging agency DLC
Transcribing agency DLC
Modifying agency DLC
Language of cataloging eng
050 ## - LIBRARY OF CONGRESS CALL NUMBER
Classification number QL737.C27
082 ## - DEWEY DECIMAL CLASSIFICATION NUMBER
Classification number 599.78
100 1# - MAIN ENTRY--PERSONAL NAME
Personal name Pallotta, Jerry.
245 10 - TITLE STATEMENT
Title Polar bear vs. grizzly bear /
Statement of responsibility, etc. by Jerry Pallotta ; illustrated by Rob Bolster.
246 1# - VARYING FORM OF TITLE
Display text At head of title :
Title proper/short title Who would win?
246 3# - VARYING FORM OF TITLE
Title proper/short title Polar bear versus grizzly bear
260 ## - PUBLICATION, DISTRIBUTION, ETC.
Place of publication, distribution, etc. New York :
Name of publisher, distributor, etc. Scholastic,
Date of publication, distribution, etc. 2010.
300 ## - PHYSICAL DESCRIPTION
Extent 32 pages :
Other physical details color illustrations ;
Dimensions 23 cm
490 ## - SERIES STATEMENT
Series statement Who would win?
505 ## - FORMATTED CONTENTS NOTE
Formatted contents note R<br/>
520 ## - SUMMARY, ETC.
Summary, etc. Contains facts about polar bears and grizzly bears, comparing such aspects as their sizes, brain structure, and abilities.
521 8# - TARGET AUDIENCE NOTE
Target audience note 720<br/>
Source Lexile<br/>
521 8# - TARGET AUDIENCE NOTE
Target audience note R<br/>
Source Raz-Plus<br/>
650 #0 - SUBJECT ADDED ENTRY--TOPICAL TERM
Topical term or geographic name entry element Polar bear
Form subdivision Juvenile literature.
650 #0 - SUBJECT ADDED ENTRY--TOPICAL TERM
Topical term or geographic name entry element Grizzly bear
Form subdivision Juvenile literature.
700 1# - ADDED ENTRY--PERSONAL NAME
Personal name Bolster, Rob.
Relator term illustrator
906 ## - LOCAL DATA ELEMENT F, LDF (RLIN)
a 7
b cbc
c origres
d 2
e ncip
f 20
g y-gencatlg
942 ## - ADDED ENTRY ELEMENTS (KOHA)
Source of classification or shelving scheme Dewey Decimal Classification
Koha item type Books
Suppress in OPAC No
Holdings
Withdrawn status Lost status Source of classification or shelving scheme Damaged status Not for loan Collection Home library Current library Shelving location Date acquired Total Checkouts Full call number Barcode Date last seen Copy number Price effective from Koha item type Date due Date last checked out
    Dewey Decimal Classification     Non-Fiction Footprints International School Library Network Toul Kork Campus Footprints International School Library Network Toul Kork Campus TK Primary Library Room(4th Floor), Bookcase 5&6, Shelves 33-56, Orange Books 12/19/2024   PAL 599.78 QL737.C27 FISTK03636 12/19/2024 1 12/19/2024 Books    
    Dewey Decimal Classification     Non-Fiction Footprints International School Library Network Toul Kork Campus Footprints International School Library Network Toul Kork Campus TK Primary Library Room(4th Floor), Bookcase 5&6, Shelves 33-56, Orange Books 01/15/2025 2 PAL 599.78 QL737.C27 FISBK05631 12/09/2025 2 01/15/2025 Books 12/23/2025 12/09/2025